[Event "WchT Seniors 50"]
[Site "Prague"]
[Date "2025.02.21"]
[Round "5.1"]
[White "Van der Werf, Mark"]
[Black "Olivier, Pierre"]
[Result "1-0"]
[WhiteElo "2416"]
[BlackElo "2152"]
[PlyCount "77"]
[EventDate "2025.02.17"]
[EventType "team-swiss"]
[EventRounds "9"]
[EventCountry "CZE"]
[SourceTitle "CB09_2025"]
[SourceDate "2025.02.27"]
[SourceVersion "1"]
[SourceVersionDate "2025.02.27"]
[SourceQuality "1"]
[WhiteTeam "Leiden SG 50"]
[BlackTeam "Philidor Brothers 50"]
[WhiteTeamCountry "NED"]
[BlackTeamCountry "FRA"]

1. d4 d5 2. c4 c6 3. Nf3 Nf6 4. Qc2 g6 5. cxd5 cxd5 6. Nc3 Nc6 7. Bf4 Bg7 8. e3 0-0 9. Be2 Bf5 10. Qb3 Na5 11. Qb4 Ne4 12. Rc1 Rc8 13. 0-0 Nxc3 14. Rxc3 Rxc3 15. Qxc3 Nc6 16. b4 a6 17. a4 Bg4 18. Rc1 e5 19. dxe5 Bxf3 20. Bxf3 d4 21. exd4 Nxd4 22. Rd1 Nxf3+ 23. Qxf3 Qe7 24. Qe4 Re8 25. h3 b5 26. axb5 axb5 27. Rd5 f5 28. Qd4 g5 29. Rd7 Qe6 30. Bxg5 Qxe5 31. Qxe5 Rxe5 32. Be7 h6 33. Bc5 Re1+ 34. Kh2 Be5+ 35. g3 f4 36. gxf4 Bxf4+ 37. Kg2 Bg5 38. Rb7 Re4 39. Rxb5 1-0

[Event "EU-Cup 36th"]
[Site "Struga"]
[Date "2021.09.24"]
[Round "7.4"]
[White "Olivier, Pierre"]
[Black "Filipovic, Slobodan J"]
[Result "1/2-1/2"]
[WhiteElo "2215"]
[BlackElo "2214"]
[PlyCount "62"]
[EventDate "2021.09.18"]
[EventType "team-swiss"]
[EventRounds "7"]
[EventCountry "MKD"]
[SourceTitle "CBM 204 Extra"]
[Source "ChessBase"]
[SourceDate "2021.11.30"]
[SourceVersion "1"]
[SourceVersionDate "2021.11.30"]
[SourceQuality "1"]
[WhiteTeam "Asnieres"]
[BlackTeam "Bonnevoie Gambit"]
[WhiteTeamCountry "FRA"]
[BlackTeamCountry "LUX"]

1. Nf3 Nc6 2. e4 e5 3. d4 exd4 4. Nxd4 Nf6 5. Nc3 Bb4 6. Nxc6 bxc6 7. Bd3 d5 8. exd5 cxd5 9. 0-0 0-0 10. Bg5 c6 11. Qf3 h6 12. Bxf6 Qxf6 13. Qxf6 gxf6 14. Ne2 Rb8 15. Ng3 Re8 16. c3 Bd6 17. b3 Be6 18. Nf5 Bxf5 19. Bxf5 Re5 20. Bd3 Ba3 21. Rab1 a5 22. Rfd1 Kf8 23. g3 Ke8 24. Bf1 Bc5 25. Bd3 Kd7 26. Kg2 Kd6 27. Kf1 Rh5 28. Kg2 Re5 29. Kf1 Rh5 30. Kg2 Re5 31. Kf1 Rh5 1/2-1/2

[Event "EU-Cup 36th"]
[Site "Struga"]
[Date "2021.09.21"]
[Round "4.4"]
[White "Tadic, Stefan"]
[Black "Olivier, Pierre"]
[Result "1-0"]
[WhiteElo "2339"]
[BlackElo "2215"]
[PlyCount "121"]
[EventDate "2021.09.18"]
[EventType "team-swiss"]
[EventRounds "7"]
[EventCountry "MKD"]
[SourceTitle "CBM 204 Extra"]
[Source "ChessBase"]
[SourceDate "2021.11.30"]
[SourceVersion "1"]
[SourceVersionDate "2021.11.30"]
[SourceQuality "1"]
[WhiteTeam "Prilep"]
[BlackTeam "Asnieres"]
[WhiteTeamCountry "MKD"]
[BlackTeamCountry "FRA"]

1. e4 e6 2. d3 d5 3. Nd2 Nf6 4. g3 Nc6 5. Bg2 Bc5 6. Ngf3 dxe4 7. dxe4 0-0 8. 0-0 e5 9. c3 a5 10. h3 Re8 11. Re1 b6 12. Nh4 g6 13. Qf3 Ba6 14. Nf1 Nd7 15. Ne3 Qf6 16. Nd5 Qxf3 17. Bxf3 Bd6 18. Bg4 Ncb8 19. Be3 h5 20. Bf3 Bc4 21. g4 Bxd5 22. exd5 hxg4 23. hxg4 Kg7 24. g5 Rh8 25. Ng2 f6 26. gxf6+ Nxf6 27. Bg5 Nbd7 28. Ne3 Raf8 29. Bg2 Rh5 30. Bxf6+ Nxf6 31. Nc4 Nd7 32. b4 axb4 33. Nxd6 cxd6 34. cxb4 Rh4 35. Reb1 Rd4 36. Rb2 e4 37. a4 Ne5 38. a5 Nf3+ 39. Kf1 bxa5 40. bxa5 Ra8 41. Ke2 Rxd5 42. a6 Rc5 43. Rb7+ Kh6 44. a7 Rcc8 45. Bxf3 exf3+ 46. Kxf3 Kg5 47. Ke4 d5+ 48. Kxd5 Rf8 49. Ra6 Rf5+ 50. Kc6 Rf6+ 51. Kb5 Rf5+ 52. Kb6 Rf6+ 53. Ka5 Rxf2 54. Rb8 Ra2+ 55. Kb6 Rxa6+ 56. Kxa6 Rxa7+ 57. Kxa7 Kf4 58. Rf8+ Ke5 59. Rg8 Kf5 60. Kb6 g5 61. Kc5 1-0

[Event "EU-Cup 36th"]
[Site "Struga"]
[Date "2021.09.20"]
[Round "3.4"]
[White "Olivier, Pierre"]
[Black "Anton Guijarro, David"]
[Result "0-1"]
[WhiteElo "2215"]
[BlackElo "2651"]
[PlyCount "59"]
[EventDate "2021.09.18"]
[EventType "team-swiss"]
[EventRounds "7"]
[EventCountry "MKD"]
[SourceTitle "CBM 204 Extra"]
[Source "ChessBase"]
[SourceDate "2021.11.30"]
[SourceVersion "1"]
[SourceVersionDate "2021.11.30"]
[SourceQuality "1"]
[WhiteTeam "Asnieres"]
[BlackTeam "Novy Bor"]
[WhiteTeamCountry "FRA"]
[BlackTeamCountry "CZE"]

1. Nf3 Nf6 2. c4 e6 3. Nc3 d5 4. e3 Bd6 5. b3 0-0 6. Bb2 Re8 7. Rc1 a6 8. d4 b6 9. g3 Bb7 10. cxd5 Nxd5 11. Nxd5 Bxd5 12. Bg2 Bb4+ 13. Bc3 Ba3 14. Ra1 a5 15. 0-0 Nd7 16. Qc2 Nf6 17. Ne1 Rc8 18. Bb2 Bxb2 19. Qxb2 c5 20. Rd1 Bxg2 21. Nxg2 Qe7 22. dxc5 Rxc5 23. Qd4 e5 24. Qd6 Qb7 25. Rc1 Ne4 26. Qd3 g6 27. Rxc5 Nxc5 28. Qd6 Ne4 29. Qd3 Ng5 30. Rd1 0-1

[Event "EU-Cup 36th"]
[Site "Struga"]
[Date "2021.09.18"]
[Round "1.19"]
[White "Novak, Vjekoslav"]
[Black "Olivier, Pierre"]
[Result "0-1"]
[WhiteElo "1721"]
[BlackElo "2215"]
[PlyCount "104"]
[EventDate "2021.09.18"]
[EventType "team-swiss"]
[EventRounds "7"]
[EventCountry "MKD"]
[SourceTitle "CBM 204 Extra"]
[Source "ChessBase"]
[SourceDate "2021.11.30"]
[SourceVersion "1"]
[SourceVersionDate "2021.11.30"]
[SourceQuality "1"]
[WhiteTeam "St Benildus"]
[BlackTeam "Asnieres"]
[WhiteTeamCountry "IRL"]
[BlackTeamCountry "FRA"]

1. f4 c5 2. b3 Nf6 3. Nf3 g6 4. e3 Bg7 5. Bb2 0-0 6. Be2 b6 7. 0-0 Bb7 8. c4 Nc6 9. Na3 e6 10. Nc2 d6 11. d3 d5 12. Qe1 Qe7 13. Ne5 Nd7 14. Nxc6 Bxc6 15. Bxg7 Kxg7 16. Bf3 Rac8 17. e4 d4 18. Qg3 f6 19. Rae1 e5 20. Bg4 Rce8 21. Re2 exf4 22. Rxf4 Ne5 23. Bh3 Rd8 24. Ref2 a6 25. Ne1 Kh8 26. Rh4 b5 27. Bg4 bxc4 28. bxc4 Rb8 29. Rf1 Rb1 30. Be2 Bd7 31. Nf3 Rxf1+ 32. Bxf1 g5 33. Rh5 Be8 34. Rh3 Nxf3+ 35. gxf3 Qe5 36. Qxe5 fxe5 37. Rh6 Bg6 38. Rh3 Kg7 39. Be2 Rb8 40. Rg3 Rb4 41. Kf2 Kf6 42. Rg1 Rb2 43. a3 Bf7 44. h4 gxh4 45. Rh1 h5 46. Rxh4 Kg5 47. Rh1 Bg6 48. Rg1+ Kf6 49. Ra1 Bf7 50. Rc1 Be6 51. Rd1 h4 52. f4 Rxe2+ 0-1

[Event "EU-Cup 35th"]
[Site "Ulcinj"]
[Date "2019.11.12"]
[Round "3.14"]
[White "Olivier, Pierre"]
[Black "Csonka, Attila Istvan"]
[Result "1-0"]
[WhiteElo "2200"]
[BlackElo "2348"]
[PlyCount "55"]
[EventDate "2019.11.10"]
[EventType "team-swiss"]
[EventRounds "7"]
[EventCountry "MNE"]
[SourceTitle "EXT 2021"]
[Source "ChessBase"]
[SourceDate "2020.10.23"]
[SourceVersion "1"]
[SourceVersionDate "2020.10.23"]
[SourceQuality "1"]
[WhiteTeam "Asnieres"]
[BlackTeam "Dunajska Streda"]
[WhiteTeamCountry "FRA"]
[BlackTeamCountry "SVK"]

1. d4 Nf6 2. Nf3 e6 3. g3 d5 4. Bg2 Be7 5. 0-0 0-0 6. c4 Nbd7 7. Nbd2 c6 8. b3 b6 9. Bb2 Ba6 10. Rc1 Rc8 11. Re1 Bb4 12. a3 Bxd2 13. Nxd2 c5 14. cxd5 exd5 15. dxc5 Nxc5 16. b4 Ncd7 17. Qa4 Rxc1 18. Rxc1 Bxe2 19. Qxa7 Qb8 20. Qxb8 Rxb8 21. Rc7 Bb5 22. Nf1 Ne8 23. Rc1 Ndf6 24. Ne3 Rd8 25. Bd4 Rd6 26. Rc8 Bd7 27. Rd8 b5 28. Be5 1-0

[Event "FRA-chT2B 0506"]
[Site "France"]
[Date "2006.03.12"]
[Round "9.4"]
[White "Dussart, Frederic"]
[Black "Olivier, Pierre"]
[Result "1/2-1/2"]
[WhiteElo "2310"]
[BlackElo "2228"]
[PlyCount "59"]
[EventDate "2005.10.27"]
[EventType "team-tourn"]
[EventRounds "11"]
[EventCountry "FRA"]
[SourceTitle "EXT 2006"]
[Source "ChessBase"]
[SourceDate "2005.11.24"]
[SourceVersion "1"]
[SourceVersionDate "2005.11.24"]
[SourceQuality "1"]
[WhiteTeam "Bagneux"]
[BlackTeam "Clichy II"]
[WhiteTeamCountry "FRA"]
[BlackTeamCountry "FRA"]

1. e4 c5 2. Nf3 g6 3. c3 Bg7 4. d4 cxd4 5. cxd4 d5 6. e5 Bg4 7. Be2 Nc6 8. Nc3 Nh6 9. h3 Bxf3 10. Bxf3 Nf5 11. Bxd5 Nfxd4 12. f4 Qb6 13. Qd2 Rd8 14. Qf2 Qa5 15. Be4 Nb3 16. Rb1 Nxc1 17. Rxc1 0-0 18. 0-0 f6 19. exf6 Bxf6 20. Qe2 Kh8 21. Kh1 Rd6 22. f5 Nd4 23. Qg4 gxf5 24. Bxf5 Rg8 25. Qe4 Nxf5 26. Rxf5 Qc7 27. Rcf1 Bxc3 28. bxc3 Qxc3 29. Qxe7 Qg7 30. Qxg7+ 1/2-1/2

[Event "St Chely d'Aubrac op 4th"]
[Site "St Chely d'Aubrac"]
[Date "2004.07.20"]
[Round "5"]
[White "Uhoda, Philippe"]
[Black "Olivier, Pierre"]
[Result "1/2-1/2"]
[WhiteElo "2140"]
[BlackElo "2224"]
[PlyCount "93"]
[EventDate "2004.07.17"]
[EventType "swiss"]
[EventRounds "9"]
[EventCountry "FRA"]
[SourceTitle "CBM 101 Extra"]
[Source "ChessBase"]
[SourceDate "2004.09.01"]
[SourceVersion "2"]
[SourceVersionDate "2004.09.01"]
[SourceQuality "1"]

1. d4 e6 2. c4 f5 3. g3 Nf6 4. Bg2 c6 5. Nf3 d5 6. Qd3 Bd6 7. Nc3 0-0 8. 0-0 b6 9. Bf4 Bxf4 10. gxf4 Ne4 11. Ne5 Qh4 12. f3 Nxc3 13. Qxc3 Qxf4 14. e3 Qh4 15. f4 Bb7 16. Rf3 Qe7 17. Rg3 Nd7 18. Nd3 Ba6 19. b3 Rac8 20. Kh1 g6 21. Rg1 Bb7 22. Nf2 Nf6 23. Bf3 dxc4 24. bxc4 c5 25. Bxb7 Qxb7+ 26. R1g2 Ne4 27. Nxe4 Qxe4 28. h4 cxd4 29. exd4 Kf7 30. Qa3 Rc7 31. Qd6 Re7 32. h5 Rg8 33. Kh2 Qb7 34. d5 Qd7 35. Qxd7 Rxd7 36. dxe6+ Kxe6 37. hxg6 hxg6 38. Rxg6+ Rxg6 39. Rxg6+ Kf7 40. Rg2 Rd3 41. Rc2 Ra3 42. c5 bxc5 43. Rxc5 Rxa2+ 44. Kg3 Ke6 45. Re5+ Kf6 46. Rc5 Ra3+ 47. Kh4 1/2-1/2

[Event "FRA-chT2 0304"]
[Site "France"]
[Date "2004.04.03"]
[Round "10"]
[White "Olivier, Pierre"]
[Black "Canonne, Antoine"]
[Result "1-0"]
[WhiteElo "2213"]
[BlackElo "2073"]
[PlyCount "77"]
[EventDate "2003.10.??"]
[EventType "team-tourn"]
[EventRounds "11"]
[EventCountry "FRA"]
[SourceTitle "EXT 2005"]
[Source "ChessBase"]
[SourceDate "2004.11.15"]
[SourceVersion "1"]
[SourceVersionDate "2004.11.15"]
[SourceQuality "1"]

1. Nf3 c5 2. c4 Nc6 3. Nc3 e6 4. g3 Nf6 5. Bg2 Be7 6. 0-0 0-0 7. d4 cxd4 8. Nxd4 a6 9. b3 Qa5 10. Bb2 Nxd4 11. Qxd4 Qc5 12. Qxc5 Bxc5 13. Na4 Ba7 14. Ba3 Re8 15. Bd6 h6 16. Rfd1 Nh7 17. c5 f6 18. h4 g6 19. Rac1 Nf8 20. Rc4 a5 21. Rdc1 Kf7 22. Nb6 Bxb6 23. cxb6 e5 24. Bd5+ Kg7 25. Kg2 Ne6 26. e3 h5 27. a4 Kh6 28. Rxc8 Raxc8 29. Rxc8 Rxc8 30. Bxb7 Re8 31. Bd5 Nd8 32. b4 axb4 33. Bxb4 Nc6 34. Bxc6 dxc6 35. a5 Rb8 36. Bd6 Rb7 37. Bc7 c5 38. Kf1 c4 39. Ke2 1-0

[Event "FRA-chT2 0304"]
[Site "France"]
[Date "2004.02.01"]
[Round "7"]
[White "Olivier, Pierre"]
[Black "Pietrasanta, Jeremy"]
[Result "1-0"]
[WhiteElo "2213"]
[BlackElo "2199"]
[PlyCount "85"]
[EventDate "2003.10.??"]
[EventType "team-tourn"]
[EventRounds "11"]
[EventCountry "FRA"]
[SourceTitle "EXT 2005"]
[Source "ChessBase"]
[SourceDate "2004.11.15"]
[SourceVersion "1"]
[SourceVersionDate "2004.11.15"]
[SourceQuality "1"]

1. d4 Nf6 2. Nf3 e6 3. c4 Bb4+ 4. Nbd2 d6 5. g3 Nbd7 6. Bg2 e5 7. 0-0 0-0 8. a3 Bxd2 9. Bxd2 e4 10. Ne1 Re8 11. Nc2 Nf8 12. d5 Ng6 13. Bc3 h5 14. Ne3 h4 15. Qd4 Qe7 16. Rae1 Bd7 17. f3 hxg3 18. hxg3 Ne5 19. f4 Neg4 20. Nxg4 Bxg4 21. f5 Qd7 22. Qe3 Bxf5 23. Qg5 Bg6 24. Rxf6 gxf6 25. Qxf6 Re5 26. Bxe5 dxe5 27. Qxe5 Re8 28. Qf4 b5 29. b3 Qe7 30. cxb5 Qc5+ 31. Kh2 Kg7 32. Bh3 Qxd5 33. Qxc7 Qxb5 34. Qc3+ Kg8 35. b4 e3 36. Bg4 Qg5 37. Bf3 Bf5 38. Rh1 f6 39. Kg2 Re7 40. Qc5 Rg7 41. Bd5+ Rf7 42. Bxf7+ Kxf7 43. Qxa7+ 1-0

[Event "FRA-chT2S 0203"]
[Site "France"]
[Date "2002.11.16"]
[Round "2.7"]
[White "Jossien, Remy"]
[Black "Olivier, Pierre"]
[Result "0-1"]
[WhiteElo "2181"]
[BlackElo "2220"]
[PlyCount "46"]
[EventDate "2002.10.??"]
[EventType "team-tourn"]
[EventRounds "11"]
[EventCountry "FRA"]
[SourceTitle "EXT 2004"]
[Source "ChessBase"]
[SourceDate "2003.11.25"]
[SourceVersion "1"]
[SourceVersionDate "2003.11.25"]
[SourceQuality "1"]
[WhiteTeam "Cappelle la Grande"]
[BlackTeam "Clichy II"]
[WhiteTeamCountry "FRA"]
[BlackTeamCountry "FRA"]

1. d4 c5 2. dxc5 Na6 3. e4 Nxc5 4. Nc3 d6 5. Be3 Nd7 6. Bc4 Ngf6 7. Nf3 e6 8. 0-0 a6 9. a4 Be7 10. Qe2 0-0 11. Rfd1 Qc7 12. a5 Ne5 13. Bb3 Bd7 14. Bb6 Qc8 15. Rd2 Bc6 16. Nd4 Nfd7 17. Nxc6 Qxc6 18. Be3 Nc5 19. Bxc5 Qxc5 20. Kh1 Rac8 21. Ra4 Nc6 22. Qg4 Kh8 23. Bc4 Ne5 0-1

[Event "St Chely d'Aubrac op 1st"]
[Site "St Chely d'Aubrac"]
[Date "2001.08.31"]
[Round "8"]
[White "Santo Roman, Marc"]
[Black "Olivier, Pierre"]
[Result "1-0"]
[WhiteElo "2426"]
[BlackElo "2226"]
[PlyCount "53"]
[EventDate "2001.08.26"]
[EventType "swiss"]
[EventRounds "9"]
[EventCountry "FRA"]
[SourceTitle "EXT 2002"]
[Source "ChessBase"]
[SourceDate "2001.11.25"]
[SourceVersion "1"]
[SourceVersionDate "2001.11.25"]
[SourceQuality "1"]

1. e4 c5 2. Nf3 e6 3. d4 cxd4 4. Nxd4 Bc5 5. Nc3 Qb6 6. Na4 Qa5+ 7. c3 Bxd4 8. Qxd4 Nf6 9. Nc5 Nc6 10. Qe3 0-0 11. Be2 b6 12. Nb3 Qa4 13. Nd2 Ba6 14. b3 Qa5 15. b4 Qa4 16. Bd1 Qb5 17. a4 Qd3 18. b5 Bxb5 19. axb5 Qxb5 20. Be2 Qe5 21. f4 Qc7 22. Ba3 Rfe8 23. e5 Nd5 24. Qf3 f6 25. Bd6 Qd8 26. 0-0 b5 27. Kh1 1-0

[Event "FRA-chT 9697 fin"]
[Site "Clichy"]
[Date "1997.05.03"]
[Round "10"]
[White "Olivier, Pierre"]
[Black "Cursoux, Laurent"]
[Result "1/2-1/2"]
[WhiteElo "2245"]
[BlackElo "2100"]
[PlyCount "91"]
[EventDate "1997.??.??"]
[EventType "team-tourn"]
[EventRounds "4"]
[EventCountry "FRA"]
[SourceTitle "EXT 1999"]
[Source "ChessBase"]
[SourceDate "1998.11.16"]
[SourceVersion "1"]
[SourceVersionDate "1998.11.16"]
[SourceQuality "1"]

1. d4 Nf6 2. Nf3 g6 3. c4 c5 4. Nc3 cxd4 5. Nxd4 Bg7 6. e4 d6 7. Be2 0-0 8. 0-0 Nc6 9. Be3 Nd7 10. Qd2 Nde5 11. Rac1 Nxd4 12. Bxd4 Be6 13. f4 Bh6 14. b3 Bg4 15. Nd5 Bxe2 16. Qxe2 Nc6 17. Bc3 a5 18. Kh1 Bg7 19. Bxg7 Kxg7 20. Rcd1 f6 21. f5 g5 22. c5 dxc5 23. Nf4 Qb6 24. Ne6+ Kh8 25. Nxf8 Rxf8 26. Rd5 Ne5 27. Rc1 Rc8 28. h3 Qb4 29. Qd2 Qxd2 30. Rxd2 b6 31. Rcd1 Kg7 32. Rd8 Rc6 33. Rb8 c4 34. bxc4 Rxc4 35. Rxb6 Rxe4 36. Rb7 Kf7 37. Rb5 a4 38. a3 Re3 39. Ra1 Nc4 40. Rb4 Nxa3 41. Rxa4 Nb5 42. Ra5 Nd6 43. Kg1 h5 44. Kf2 Re4 45. g3 Kf8 46. Re1 1/2-1/2

[Event "FRA-chT 9697 fin"]
[Site "Clichy"]
[Date "1997.05.02"]
[Round "9"]
[White "Olivier, Pierre"]
[Black "Rainfray, Arnaud"]
[Result "1/2-1/2"]
[WhiteElo "2245"]
[BlackElo "2150"]
[PlyCount "57"]
[EventDate "1997.??.??"]
[EventType "team-tourn"]
[EventRounds "4"]
[EventCountry "FRA"]
[SourceTitle "EXT 1999"]
[Source "ChessBase"]
[SourceDate "1998.11.16"]
[SourceVersion "1"]
[SourceVersionDate "1998.11.16"]
[SourceQuality "1"]

1. Nf3 d5 2. c4 e6 3. d4 Nf6 4. Nc3 Bb4 5. cxd5 exd5 6. Bg5 Nbd7 7. Qb3 c5 8. dxc5 Qa5 9. Bxf6 Nxf6 10. Rc1 Be6 11. Nd4 Rc8 12. a3 Bxc5 13. e3 0-0 14. Bd3 Bxd4 15. exd4 Ne4 16. Qb4 Qxb4 17. axb4 Rfe8 18. f3 Nd6 19. b3 Re7 20. Kd2 Rec7 21. Nb5 Nxb5 22. Bxb5 Rxc1 23. Rxc1 Rxc1 24. Kxc1 Kf8 25. Bd3 Ke7 26. Kd2 Kf6 27. Bc2 Bf5 28. Bd1 Kg5 29. Ke3 1/2-1/2

[Event "FRA-chT 9697 fin"]
[Site "Clichy"]
[Date "1997.05.01"]
[Round "8"]
[White "Berthelot, Yannick"]
[Black "Olivier, Pierre"]
[Result "1-0"]
[WhiteElo "2295"]
[BlackElo "2245"]
[PlyCount "115"]
[EventDate "1997.??.??"]
[EventType "team-tourn"]
[EventRounds "4"]
[EventCountry "FRA"]
[SourceTitle "EXT 1999"]
[Source "ChessBase"]
[SourceDate "1998.11.16"]
[SourceVersion "1"]
[SourceVersionDate "1998.11.16"]
[SourceQuality "1"]

1. e4 c5 2. Nf3 g6 3. d4 Bg7 4. c3 cxd4 5. cxd4 d5 6. exd5 Nf6 7. Bb5+ Nbd7 8. Nc3 0-0 9. Bg5 Nb6 10. Bxf6 Bxf6 11. Qb3 e6 12. d6 Qxd6 13. Ne4 Qd8 14. Nxf6+ Qxf6 15. 0-0 Rd8 16. Rac1 Rb8 17. Rfd1 a6 18. Be2 Nd5 19. Bxa6 b6 20. Bxc8 Rbxc8 21. g3 Qf5 22. Ne5 Qe4 23. Qf3 Qxf3 24. Nxf3 f6 25. Kf1 Kf7 26. Ke2 Ke7 27. Ne1 Kd6 28. Ng2 g5 29. Ne3 h5 30. a3 Nxe3 31. Kxe3 Kd5 32. Rxc8 Rxc8 33. Rd3 g4 34. Rb3 Rc6 35. Rb5+ Kd6 36. b4 f5 37. a4 Kc7 38. a5 bxa5 39. bxa5 Rc3+ 40. Ke2 Ra3 41. Rb6 e5 42. Rb5 f4 43. Rxe5 Ra2+ 44. Kd3 f3 45. Rxh5 Rxf2 46. Rh4 Ra2 47. Rxg4 Rxh2 48. Rf4 Ra2 49. Rxf3 Rxa5 50. g4 Kd6 51. Ke4 Ke6 52. Rg3 Kf6 53. g5+ Kg6 54. d5 Ra6 55. Ke5 Ra1 56. Ke6 Re1+ 57. Kd7 Rd1 58. d6 1-0

[Event "FRA-chT"]
[Site "France"]
[Date "1996.??.??"]
[Round "?"]
[White "Olivier, Pierre"]
[Black "Roos, Louis"]
[Result "1-0"]
[WhiteElo "2245"]
[BlackElo "2375"]
[PlyCount "123"]
[EventDate "1996.??.??"]
[EventType "team-tourn"]
[EventRounds "11"]
[EventCountry "FRA"]
[SourceTitle "CBM 055 Extra"]
[Source "ChessBase"]
[SourceDate "1997.01.01"]
[SourceVersion "1"]
[SourceVersionDate "1997.01.01"]
[SourceQuality "1"]

1. e4 c5 2. Nf3 e6 3. d3 Nc6 4. g3 d5 5. Nbd2 Bd6 6. Bg2 Nge7 7. 0-0 b6 8. Re1 0-0 9. a3 a5 10. exd5 exd5 11. d4 h6 12. c4 Be6 13. cxd5 Bxd5 14. dxc5 Bxc5 15. Nb3 Bxb3 16. Qxb3 Nf5 17. Bd2 Ra7 18. Bc3 Re8 19. Qb5 Rxe1+ 20. Rxe1 Rc7 21. Qa4 Qf8 22. Nh4 Nfe7 23. Qg4 Nd8 24. Be5 Ra7 25. b4 axb4 26. axb4 Ra4 27. Bxg7 Qxg7 28. Qxg7+ Kxg7 29. bxc5 Nec6 30. cxb6 Rb4 31. Nf5+ Kg6 32. Ne7+ Nxe7 33. Rxe7 Rxb6 34. Bf3 Ne6 35. Kg2 Rb5 36. h4 Kg7 37. Be4 Rc5 38. Bf3 Kf6 39. Ra7 Ng7 40. Ra6+ Ne6 41. Bg4 Rc2 42. Bxe6 fxe6 43. g4 Rc7 44. Kg3 Kf7 45. h5 Rb7 46. Kh4 Rc7 47. Ra4 Rb7 48. Ra3 Kg7 49. Ra4 Kf7 50. f3 Kg7 51. Ra5 Kf6 52. f4 Rb4 53. Kg3 Rb3+ 54. Kh4 Rb4 55. Ra7 Rxf4 56. Rh7 Ke5 57. Rxh6 Rf8 58. Rg6 Rh8 59. Rg7 Kf4 60. g5 e5 61. h6 e4 62. h7 1-0

[Event "FRA-chB"]
[Site "Toulouse"]
[Date "1995.??.??"]
[Round "5"]
[White "Olivier, Pierre"]
[Black "Aubert, Laurent"]
[Result "1-0"]
[WhiteElo "2290"]
[BlackElo "2220"]
[PlyCount "47"]
[EventDate "1995.08.??"]
[EventType "swiss"]
[EventRounds "11"]
[EventCountry "FRA"]
[SourceTitle "EXT 1998"]
[Source "ChessBase"]
[SourceDate "1997.11.17"]
[SourceVersion "1"]
[SourceVersionDate "1997.11.17"]
[SourceQuality "1"]

1. e4 d5 2. exd5 Qxd5 3. Nc3 Qa5 4. d4 Nf6 5. Nf3 Bf5 6. Ne5 c6 7. Bd3 Bxd3 8. Qxd3 e6 9. 0-0 Nbd7 10. Bf4 Rd8 11. Nc4 Qh5 12. Nd6+ Bxd6 13. Bxd6 Nb6 14. Bc5 Rd7 15. Qg3 Rd8 16. Qxg7 Qg6 17. Qxh8+ Kd7 18. Bf8 Nh5 19. Qe5 Rxf8 20. g3 Nf6 21. Qe2 h5 22. Rfe1 h4 23. Ne4 Nh5 24. Qxh5 1-0

[Event "FRA-ch op-B"]
[Site "Paris"]
[Date "1994.??.??"]
[Round "1"]
[White "Olivier, Pierre"]
[Black "Laloi, Laurence"]
[Result "0-1"]
[WhiteElo "1990"]
[BlackElo "1760"]
[PlyCount "96"]
[EventDate "1994.??.??"]
[EventType "swiss"]
[EventRounds "9"]
[EventCountry "FRA"]
[SourceTitle "EXT 1998"]
[Source "ChessBase"]
[SourceDate "1997.11.17"]
[SourceVersion "1"]
[SourceVersionDate "1997.11.17"]
[SourceQuality "1"]

1. e4 c5 2. d3 e6 3. g3 Nf6 4. Bg2 Be7 5. Nf3 Nc6 6. 0-0 0-0 7. c3 d5 8. e5 Nd7 9. Qe2 b5 10. h4 a5 11. Bf4 Qc7 12. Nbd2 Nb6 13. Rfe1 Bd7 14. Nf1 c4 15. d4 b4 16. Ne3 a4 17. a3 bxa3 18. bxa3 Na5 19. Qc2 Nb3 20. Ra2 Rfb8 21. Ng4 Qd8 22. Ng5 Bxg5 23. Bxg5 Qf8 24. h5 Bc8 25. h6 g6 26. Bf6 Nd7 27. Bg7 Qe8 28. f4 Bb7 29. Qf2 Na5 30. Qe3 Nc6 31. Rb2 Bc8 32. Reb1 Rxb2 33. Rxb2 Rb8 34. Qf2 Rb3 35. Rxb3 axb3 36. Nf6+ Nxf6 37. Bxf6 Qf8 38. Qb2 Qxh6 39. a4 Qf8 40. g4 Bd7 41. f5 Nxd4 42. cxd4 Qb4 43. fxg6 fxg6 44. Bxd5 exd5 45. e6 Qe1+ 46. Kh2 Qxe6 47. g5 Qf5 48. Qa3 Qf2+ 0-1

[Event "FRA-chT"]
[Site "France"]
[Date "1994.??.??"]
[Round "6"]
[White "Olivier, Pierre"]
[Black "Loret, Stephane"]
[Result "1-0"]
[WhiteElo "2240"]
[BlackElo "2170"]
[PlyCount "99"]
[EventDate "1994.??.??"]
[EventType "team-tourn"]
[EventRounds "11"]
[EventCountry "FRA"]
[SourceTitle "EXT 1999"]
[Source "ChessBase"]
[SourceDate "1998.11.16"]
[SourceVersion "1"]
[SourceVersionDate "1998.11.16"]
[SourceQuality "1"]

1. d4 Nf6 2. Nf3 g6 3. c4 Bg7 4. Nc3 d5 5. e3 0-0 6. b4 a5 7. b5 c5 8. bxc6 bxc6 9. Ba3 Na6 10. cxd5 cxd5 11. Ne5 Nb4 12. Rc1 Bf5 13. Be2 Rc8 14. 0-0 Nd7 15. Nd3 Bxd3 16. Bxd3 Nxd3 17. Qxd3 Nb6 18. Bc5 Nc4 19. Nxd5 Qxd5 20. Qxc4 Qg5 21. Qa4 Rfe8 22. Rb1 e5 23. Rb5 Qg4 24. Rxa5 exd4 25. Bxd4 Bxd4 26. Qxd4 Qe2 27. Ra7 Rc2 28. Qf4 Rf8 29. a4 Rc4 30. Qf3 Qa2 31. Qd5 Qe2 32. g3 Rc2 33. h4 h5 34. a5 Rd2 35. Qe4 Qb5 36. Rc1 Qb2 37. Rf1 Qa2 38. a6 Rdd8 39. Qb1 Qd5 40. Qb7 Qf5 41. Qe7 Rfe8 42. Qg5 Qe6 43. Qf4 Rd5 44. Qa4 Rf5 45. Rc7 Ra8 46. a7 Qb6 47. Rfc1 Kh7 48. Qa1 Qe6 49. Rc8 Rxc8 50. Rxc8 1-0

[Event "FRA-ch Accession"]
[Site "Montpellier"]
[Date "1991.??.??"]
[Round "1"]
[White "Roos, Louis"]
[Black "Olivier, Pierre"]
[Result "1-0"]
[WhiteElo "2360"]
[BlackElo "2210"]
[PlyCount "83"]
[EventDate "1991.??.??"]
[EventType "swiss"]
[EventRounds "11"]
[EventCountry "FRA"]
[SourceTitle "EXT 1999"]
[Source "ChessBase"]
[SourceDate "1998.11.16"]
[SourceVersion "1"]
[SourceVersionDate "1998.11.16"]
[SourceQuality "1"]

1. e4 Nc6 2. Nf3 d6 3. d4 Nf6 4. Nc3 Bg4 5. Bb5 a6 6. Bxc6+ bxc6 7. h3 Bxf3 8. Qxf3 e6 9. 0-0 Be7 10. e5 Nd5 11. Ne2 0-0 12. c4 Nb6 13. b3 Qe8 14. Be3 f6 15. exd6 cxd6 16. Nf4 Bd8 17. d5 exd5 18. cxd5 cxd5 19. Nxd5 Nd7 20. Nf4 Bb6 21. Qd5+ Qf7 22. Bxb6 Nxb6 23. Qxd6 Rab8 24. Ne6 Rfe8 25. Rfe1 Qd7 26. Qxd7 Nxd7 27. Nc7 Rxe1+ 28. Rxe1 Rc8 29. Nxa6 Rc2 30. Nb4 Rb2 31. Re3 Kf7 32. g3 g5 33. Kf1 Ne5 34. Re2 Rb1+ 35. Kg2 h5 36. Nd5 g4 37. hxg4 hxg4 38. Re4 Kg6 39. Rf4 Nd3 40. Rxg4+ Kf5 41. Ne3+ Ke5 42. Ra4 1-0